<?xml version="1.0" encoding="UTF-8"?>
<record
    xmlns:xsi="http://www.w3.org/2001/XMLSchema-instance"
    xsi:schemaLocation="http://www.loc.gov/MARC21/slim http://www.loc.gov/standards/marcxml/schema/MARC21slim.xsd"
    xmlns="http://www.loc.gov/MARC21/slim">

  <leader>00646nam a22002297a 4500</leader>
  <controlfield tag="005">20230624091050.0</controlfield>
  <controlfield tag="008">230624b           ||||| |||| 00| 0 eng d</controlfield>
  <datafield tag="040" ind1=" " ind2=" ">
    <subfield code="c">AL</subfield>
  </datafield>
  <datafield tag="041" ind1=" " ind2=" ">
    <subfield code="a">eng</subfield>
  </datafield>
  <datafield tag="082" ind1=" " ind2=" ">
    <subfield code="2">23</subfield>
    <subfield code="a">509.54</subfield>
    <subfield code="b">RAOS</subfield>
  </datafield>
  <datafield tag="100" ind1=" " ind2=" ">
    <subfield code="a">G T Narayana Rao</subfield>
    <subfield code="9">124730</subfield>
  </datafield>
  <datafield tag="245" ind1=" " ind2=" ">
    <subfield code="a">Scientific Temper</subfield>
  </datafield>
  <datafield tag="260" ind1=" " ind2=" ">
    <subfield code="a">Mangalore</subfield>
    <subfield code="b">Athree Book Centre</subfield>
    <subfield code="c">1997</subfield>
  </datafield>
  <datafield tag="300" ind1=" " ind2=" ">
    <subfield code="a">viiii,110p.</subfield>
    <subfield code="b">PB</subfield>
    <subfield code="c">21x13cm</subfield>
  </datafield>
  <datafield tag="365" ind1=" " ind2=" ">
    <subfield code="2">Science</subfield>
    <subfield code="b">15.00</subfield>
    <subfield code="c">&#x20B9;</subfield>
    <subfield code="d">15.00</subfield>
  </datafield>
  <datafield tag="650" ind1=" " ind2=" ">
    <subfield code="a">Pursuit of Science</subfield>
    <subfield code="9">124731</subfield>
  </datafield>
  <datafield tag="650" ind1=" " ind2=" ">
    <subfield code="a">Values in Life</subfield>
    <subfield code="9">124732</subfield>
  </datafield>
  <datafield tag="650" ind1=" " ind2=" ">
    <subfield code="a">Man Has a Psyche</subfield>
    <subfield code="9">124733</subfield>
  </datafield>
  <datafield tag="650" ind1=" " ind2=" ">
    <subfield code="a">Astrology</subfield>
    <subfield code="9">124734</subfield>
  </datafield>
  <datafield tag="700" ind1=" " ind2=" ">
    <subfield code="a">RAO (G T Narayana)</subfield>
    <subfield code="9">124735</subfield>
  </datafield>
  <datafield tag="942" ind1=" " ind2=" ">
    <subfield code="2">ddc</subfield>
    <subfield code="c">DB</subfield>
  </datafield>
  <datafield tag="999" ind1=" " ind2=" ">
    <subfield code="c">227639</subfield>
    <subfield code="d">227639</subfield>
  </datafield>
  <datafield tag="952" ind1=" " ind2=" ">
    <subfield code="0">0</subfield>
    <subfield code="1">0</subfield>
    <subfield code="2">ddc</subfield>
    <subfield code="4">0</subfield>
    <subfield code="7">0</subfield>
    <subfield code="8">OTH</subfield>
    <subfield code="a">AL</subfield>
    <subfield code="b">AL</subfield>
    <subfield code="d">2023-06-17</subfield>
    <subfield code="l">0</subfield>
    <subfield code="o">509.54 RAOS</subfield>
    <subfield code="p">D05892</subfield>
    <subfield code="r">2023-06-24 00:00:00</subfield>
    <subfield code="u">https://archive.org/details/scientific_temper001/page/22/mode/2up</subfield>
    <subfield code="v">15.00</subfield>
    <subfield code="w">2023-06-24</subfield>
    <subfield code="y">DB</subfield>
  </datafield>
</record>
